000 00946nam a2200301 i 4500
001 bg
100 1 _aWATSON, John
_d(1944- )
245 1 0 _aElektronika /
_cJohn Watson ; tł. z ang. Michał Nadachowski.
246 _iTyt. oryg.:
_aMastering electronics
260 _aWarszawa :
_bWydawnictwa Komunikacji i Łączności,
_c1999.
300 _a446, [2] s. :
_bil. ;
_c24 cm.
490 1 _aWiedzieć Więcej
500 _aTyt. oryg.: "Mastering electronics" 1996.
504 _aIndeks.
521 _aDla uczniów szkół elektronicznych, studentów wyższych szkół techn.
650 9 _aElektronika
650 9 _aElektronika
655 _aPodręczniki akademickie
655 _aPodręczniki dla szkół zawodowych
830 _aWiedzieć Więcej
020 _a8320613019
040 _cBPK
041 1 _apl
_hen
080 _a621.38(07)
920 _a83-206-1301-9
942 _cKS
008 s pl f |000 0 pol
999 _c36558
_d36558
856 _uhttp://koha.tu.koszalin.pl/cgi-bin/koha/opac-detail.pl?biblionumber=36558
_yKatalog online BPK